000 00334 a2200121 4500
020 _a002946093
082 _a620.104 HIB
100 _aHibbeler, R. C.
245 _aEngineering Mechanics Dynamics
_cR. C. Hibbeler
250 _a5th ed.
260 _aNew York :
_bMacmillan Publishing Company,
_c1990
300 _axiii, 552p. :
_bill . ;
_c27 cm
650 _aDynamics
999 _c774
_d774